[Event "Piestany Slovakia op-B"]
[Site "Piestany"]
[Date "2023.07.19"]
[Round "9"]
[White "Gradisek, Bor"]
[Black "Daniska, Jozef"]
[Result "1-0"]
[WhiteElo "1442"]
[BlackElo "1264"]
[PlyCount "65"]
[EventDate "2023.07.11"]
[EventType "swiss"]
[EventRounds "9"]
[EventCountry "SVK"]
[SourceTitle "EXT 2024"]
[Source "ChessBase"]
[SourceDate "2023.10.10"]
[SourceVersion "1"]
[SourceVersionDate "2023.10.10"]
[SourceQuality "1"]

1. e4 e5 2. Nc3 Nf6 3. f4 Nc6 4. fxe5 Nxe5 5. d4 Ng6 6. e5 Ng8 7. Nf3 Bb4 8. Bd3 N8e7 9. 0-0 d6 10. Bg5 h6 11. Bxg6 hxg5 12. Bxf7+ Kxf7 13. Nxg5+ Ke8 14. Nf7 Qd7 15. Nxh8 Nf5 16. Qh5+ Ke7 17. Qf7+ Kd8 18. Qf8+ Qe8 19. Nf7+ Kd7 20. e6+ Qxe6 21. Qd8+ Kc6 22. d5+ Qxd5 23. Nxd5 Kxd5 24. Rxf5+ Bxf5 25. Qxa8 Bc5+ 26. Kh1 Kc6 27. Nd8+ Kd7 28. Nxb7 g6 29. Nxc5+ dxc5 30. Qd5+ Kc8 31. Re1 Kb8 32. Re8+ Bc8 33. Qb3+ 1-0

[Event "Piestany Slovakia op-B"]
[Site "Piestany"]
[Date "2023.07.17"]
[Round "7"]
[White "Gradisek, Bor"]
[Black "Benkovsky, Peter"]
[Result "1/2-1/2"]
[WhiteElo "1442"]
[BlackElo "1565"]
[PlyCount "106"]
[EventDate "2023.07.11"]
[EventType "swiss"]
[EventRounds "9"]
[EventCountry "SVK"]
[SourceTitle "EXT 2024"]
[Source "ChessBase"]
[SourceDate "2023.10.10"]
[SourceVersion "1"]
[SourceVersionDate "2023.10.10"]
[SourceQuality "1"]

1. e4 e6 2. b3 d5 3. Bb2 dxe4 4. Nc3 Nf6 5. Qe2 b6 6. 0-0-0 Bb7 7. g4 Ba6 8. d3 exd3 9. Qf3 c6 10. Bxd3 Bxd3 11. Rxd3 Nd5 12. Ne4 Qc7 13. Kb1 Nd7 14. Rd1 f6 15. g5 f5 16. Qh5+ g6 17. Qh4 e5 18. Ng3 0-0-0 19. N3e2 Be7 20. f4 h6 21. fxe5 hxg5 22. Qg3 f4 23. Qg4 Ne3 24. Rxd7 Nxg4 25. Rxc7+ Kxc7 26. Nf3 Rh3 27. Ned4 Rd5 28. Nxg5 Bxg5 29. Ne6+ Kd7 30. Nxg5 Rxh2 31. Rg1 Nxe5 32. Bxe5 Rxe5 33. Nf3 Rhh5 34. Nxe5+ Rxe5 35. Rxg6 Rf5 36. Rg1 f3 37. Rf1 Ke6 38. Kc1 Ke5 39. Kd2 Ke4 40. Rh1 Rd5+ 41. Ke1 Ke3 42. Rh3 Rg5 43. Kf1 Rg2 44. Rh7 Rg5 45. Re7+ Kf4 46. Rxa7 Kg3 47. a4 Rd5 48. Rg7+ Kf4 49. Rf7+ Ke3 50. Re7+ Kd2 51. Rf7 Kxc2 52. Rxf3 Rd3 53. Rf6 Rc3 1/2-1/2

[Event "Piestany Slovakia op-B"]
[Site "Piestany"]
[Date "2023.07.16"]
[Round "6"]
[White "Gradisek, Bor"]
[Black "Kukan, Michal"]
[Result "0-1"]
[WhiteElo "1442"]
[BlackElo "1804"]
[PlyCount "94"]
[EventDate "2023.07.11"]
[EventType "swiss"]
[EventRounds "9"]
[EventCountry "SVK"]
[SourceTitle "EXT 2024"]
[Source "ChessBase"]
[SourceDate "2023.10.10"]
[SourceVersion "1"]
[SourceVersionDate "2023.10.10"]
[SourceQuality "1"]

1. e4 c6 2. d4 d5 3. Nc3 e6 4. Nf3 Bb4 5. Bd3 dxe4 6. Bxe4 Nf6 7. Bg5 h6 8. Bxf6 Qxf6 9. Qd3 Nd7 10. 0-0-0 Qf4+ 11. Qd2 Qxd2+ 12. Kxd2 Nf6 13. Bd3 Nd5 14. g3 0-0 15. Rde1 Ba5 16. a3 Nxc3 17. bxc3 Rd8 18. g4 g6 19. g5 hxg5 20. Rhg1 f6 21. h4 c5 22. dxc5 Rd5 23. hxg5 Rxc5 24. Ke2 Bxc3 25. Rb1 f5 26. Rb5 Rxb5 27. Bxb5 e5 28. Be8 e4 29. Nh4 Be6 30. Bxg6 Rf8 31. Rd1 Be5 32. Bh5 Rc8 33. Rb1 b6 34. Kd1 Bf4 35. g6 Rd8+ 36. Ke1 Kg7 37. Rb5 Bd2+ 38. Kf1 Bc4+ 39. Be2 Bxb5 40. Bxb5 Kf6 41. Bc4 Bh6 42. Bb3 Kg5 43. g7 Bxg7 44. Ng2 f4 45. Ne1 Bc3 46. Ng2 Rd1+ 47. Ke2 f3+ 0-1

[Event "Piestany Slovakia op-B"]
[Site "Piestany"]
[Date "2023.07.15"]
[Round "5"]
[White "Kollarik, Gorazd"]
[Black "Gradisek, Bor"]
[Result "1/2-1/2"]
[WhiteElo "1700"]
[BlackElo "1442"]
[PlyCount "48"]
[EventDate "2023.07.11"]
[EventType "swiss"]
[EventRounds "9"]
[EventCountry "SVK"]
[SourceTitle "EXT 2024"]
[Source "ChessBase"]
[SourceDate "2023.10.10"]
[SourceVersion "1"]
[SourceVersionDate "2023.10.10"]
[SourceQuality "1"]

1. e4 e5 2. Nf3 Nc6 3. Bb5 Nf6 4. 0-0 Nxe4 5. d4 Nd6 6. Bxc6 dxc6 7. dxe5 Nf5 8. Qxd8+ Kxd8 9. Rd1+ Ke8 10. b3 Bc5 11. c4 Ne7 12. Bb2 Bg4 13. Nbd2 a5 14. h3 Bf5 15. Nf1 a4 16. Ng3 Bc2 17. Rdc1 axb3 18. Ne1 Rd8 19. Nxc2 bxc2 20. Rxc2 Ng6 21. Nf5 Kf8 22. g3 Ne7 23. Nxe7 Kxe7 24. a4 Rd3 1/2-1/2

[Event "Piestany Slovakia op-B"]
[Site "Piestany"]
[Date "2023.07.13"]
[Round "3"]
[White "Gradisek, Bor"]
[Black "Matejka, Simon"]
[Result "1/2-1/2"]
[WhiteElo "1442"]
[BlackElo "1731"]
[PlyCount "117"]
[EventDate "2023.07.11"]
[EventType "swiss"]
[EventRounds "9"]
[EventCountry "SVK"]
[SourceTitle "EXT 2024"]
[Source "ChessBase"]
[SourceDate "2023.10.10"]
[SourceVersion "1"]
[SourceVersionDate "2023.10.10"]
[SourceQuality "1"]

1. e4 e5 2. Nc3 Nf6 3. f4 d5 4. fxe5 Nxe4 5. Qf3 f5 6. d3 Nxc3 7. bxc3 d4 8. Qg3 c5 9. c4 Nc6 10. Be2 Qc7 11. Nf3 Be6 12. 0-0 0-0-0 13. Bd2 g6 14. Ng5 Re8 15. Nxe6 Rxe6 16. Bf3 Nxe5 17. Bd5 Re8 18. Bf4 Bd6 19. Rab1 b6 20. a4 Nf7 21. Bxd6 Nxd6 22. a5 Nb7 23. axb6 axb6 24. Qg5 Rhf8 25. Rb2 Rd8 26. Ra1 Na5 27. Be6+ Rd7 28. Bxd7+ Kxd7 29. Qh6 Rf7 30. Rab1 Kc6 31. Qh3 Kb7 32. Qf3+ Ka7 33. Rxb6 Qxb6 34. Rxb6 Kxb6 35. Qd5 Rc7 36. h4 Nc6 37. Qf3 Ne5 38. Qd1 Ng4 39. Qb1+ Kc6 40. Qb5+ Kd6 41. Qb8 Kc6 42. Qe8+ Kb7 43. h5 gxh5 44. Qxh5 Ne5 45. Qxf5 Ng6 46. Kf1 Kb6 47. Ke1 Kb7 48. Kd2 Kb6 49. c3 dxc3+ 50. Kxc3 Ne7 51. Qf2 Nc8 52. Qf6+ Kb7 53. d4 cxd4+ 54. Kxd4 Nb6 55. c5 Rxc5 56. Qe7+ Rc7 57. Qe4+ Ka7 58. Qb1 Kb7 59. Qe4+ 1/2-1/2

[Event "Piestany Slovakia op-B"]
[Site "Piestany"]
[Date "2023.07.11"]
[Round "1"]
[White "Gradisek, Bor"]
[Black "Melih, Mario"]
[Result "0-1"]
[WhiteElo "1442"]
[BlackElo "1853"]
[PlyCount "38"]
[EventDate "2023.07.11"]
[EventType "swiss"]
[EventRounds "9"]
[EventCountry "SVK"]
[SourceTitle "EXT 2024"]
[Source "ChessBase"]
[SourceDate "2023.10.10"]
[SourceVersion "1"]
[SourceVersionDate "2023.10.10"]
[SourceQuality "1"]

1. e4 e5 2. Nc3 Nf6 3. f4 d5 4. fxe5 Nxe4 5. Qf3 Nxc3 6. bxc3 Be7 7. d4 c5 8. Bd3 Nc6 9. Ne2 0-0 10. 0-0 Be6 11. Nf4 cxd4 12. Nxe6 fxe6 13. Qh3 Rxf1+ 14. Kxf1 g6 15. Qxe6+ Kg7 16. Bd2 dxc3 17. Bxc3 Qb6 18. Ke2 Nd4+ 19. Bxd4 Qxe6 0-1